| 000 | 00706nam a2200205 a 4500 | ||
|---|---|---|---|
| 001 | BRCA_1089 | ||
| 005 | 20190320203256.0 | ||
| 008 | 920406s1991 mx-a---###---#000-0#spa-# | ||
| 040 |
_aDLC _cDLC _dDLC |
||
| 050 | 4 |
_aND257.S2 _b.T74 1991 |
|
| 245 | 1 | 0 | _aTres siglos de pintura religiosa en San Luis Potosí. |
| 260 |
_aSan Luis Potosí, México _bPro San Luis Monumental _c1991 |
||
| 300 |
_a306 p. _bil. a color _c32 cm. |
||
| 500 | _a2do. ejemplar en el Área de Investigación | ||
| 650 | 1 | 4 |
_aPintura mexicana _zMéxico _93587 |
| 650 | 1 | 4 |
_aPintura colonial _zMéxico _93588 |
| 650 | 1 | 4 |
_aArte cristiano y simbolismo _zMéxico _942 |
| 710 | 2 |
_aPro San Luis Monumental (Organización) _93589 |
|
| 942 |
_2lcc _cB |
||
| 999 |
_c968 _d968 |
||